| 000 | 00916nam a2200289 a 4500 | ||
|---|---|---|---|
| 001 | 21210 | ||
| 003 | BD-RjUL | ||
| 005 | 20211209000648.0 | ||
| 008 | 140303s1983 nju 001 0 eng | ||
| 020 | _a0132792087 | ||
| 020 | _a0132791900 (pbk.) | ||
| 035 | _a(BD-RjUL)21274 | ||
| 040 |
_aDLC _cDLC _dDLC _dBD-RjUL _beng |
||
| 041 | _aeng | ||
| 082 | 0 | 0 |
_a808.06662 _219 _bFIE 1983 |
| 100 | 1 |
_aFischer, Martin A. _965566 |
|
| 245 | 1 | 0 |
_aEngineering specifications writing guide : _ban authoritative reference for planning, writing, and administrating / _cMartin A. Fischer. |
| 260 |
_aEnglewood Cliffs, N.J. : _bPrentice-Hall, _cc1983. |
||
| 300 |
_axiv, 155 p. ; _c25 cm. |
||
| 500 | _a"A Spectrum book." | ||
| 500 | _aIncludes index. | ||
| 650 | 0 |
_aEngineering _xSpecifications. _965567 |
|
| 650 | 0 |
_aSpecification writing. _965568 |
|
| 942 |
_2ddc _cBK |
||
| 999 |
_c21210 _d21210 |
||